000 01050cam a2200241 4500
001 2517
005 20231213145748.0
020 _a0140304770
040 _aDLC
_cDLC
_dDLC
_beng
050 0 0 _aPZ7.L5215
_bWi4
100 1 _aLe Guin, Ursula K.
_d1929-2018.
245 1 2 _aA wizard of Earthsea /
_cUrsula K. LeGuin; drawings by Ruth Robbins
250 _aBantam edition / August 1975
260 _aNew York :
_bBantam Books
_c1971
300 _a205 pages :
_billustrations ; maps ;
_c18 cm
490 0 _aPuffin books
505 _aZ
520 _aGed was the greatest sorcerer in all Earthsea, but once he was called Sparrowhawk, a reckless youth, hungry for power and knowledge, who tampered with long-held secrets and loosed a terrible shadow upon the world. This is the tale of his testing, how he mastered the mighty words of power, tamed an ancient dragon, and crossed death's threshold to restore the balance.
521 _a1150
_bLexile
521 _aZ
_bRaz-Plus
906 _a7
_bcbc
_corignew
_d3
_encip
_f19
_gy-gencatlg
942 _2ddc
_cBK
_n0
999 _c2517
_d2517